All 10k+ cities in Alabama on a Map - Statistics

General Stats
  • This quiz has been taken 111 times
  • The average score is 29 of 66
Answers on the Map
Answers color-coded by a green-red scale on the quiz's map according to % correct below.
 
Answer Stats
City Population % Correct
Birmingham 200,733
100%
Mobile 187,041
98%
Montgomery 200,603
98%
Huntsville 215,006
97%
Tuscaloosa 99,600
97%
Auburn 76,143
84%
Hoover 92,606
82%
Dothan 71,072
81%
Decatur 57,938
76%
Florence 40,184
74%
Phenix City 38,816
69%
Daphne 27,462
66%
Madison 56,933
65%
Selma 17,971
65%
Gadsden 33,945
58%
Alabaster 33,284
56%
Bessemer 26,019
53%
Anniston 21,564
52%
Enterprise 28,711
52%
Gulf Shores 15,014
52%
Opelika 30,995
52%
Muscle Shoals 16,275
50%
Vestavia Hills 39,102
50%
Prattville 37,781
48%
Northport 31,125
47%
Fairhope 22,477
45%
Talladega 15,861
42%
Troy 17,727
42%
Athens 25,406
39%
Jacksonville 14,385
39%
Jasper 14,572
37%
Cullman 18,213
35%
Oxford 22,069
35%
Pelham 24,318
35%
Trussville 26,123
35%
Foley 20,335
32%
Mountain Brook 22,461
32%
Pell City 12,939
32%
Prichard 19,322
32%
Spanish Fort 10,049
32%
Albertville 22,386
31%
Fairfield 10,000
31%
Homewood 26,414
31%
Saraland 16,171
31%
Fort Payne 14,877
29%
Helena 20,914
29%
Russellville 10,855
29%
Alexander City 14,843
27%
Ozark 14,368
27%
Rainbow City 10,191
27%
Scottsboro 15,578
27%
Sylacauga 12,578
27%
Boaz 10,107
26%
Eufaula 12,882
26%
Leeds 12,324
26%
Hartselle 15,455
24%
Irondale 13,497
24%
Moody 13,170
24%
Valley 10,529
24%
Calera 16,494
23%
Clay 10,291
23%
Hueytown 16,776
23%
Center Point 16,406
21%
Gardendale 16,044
21%
Chelsea 14,982
16%
Millbrook 16,564
15%
No matching quizzes found
Score Distribution
Percent of People with Each Score
Percentile by Number Answered
Your Score History
You have not taken this quiz